|
|
|
|
| LEADER |
03197nam a22004575i 4500 |
| 001 |
978-3-658-13561-4 |
| 003 |
DE-He213 |
| 005 |
20170918152335.0 |
| 007 |
cr nn 008mamaa |
| 008 |
170424s2017 gw | s |||| 0|eng d |
| 020 |
|
|
|a 9783658135614
|9 978-3-658-13561-4
|
| 024 |
7 |
|
|a 10.1007/978-3-658-13561-4
|2 doi
|
| 040 |
|
|
|d GrThAP
|
| 050 |
|
4 |
|a HF5410-5417.5
|
| 072 |
|
7 |
|a KJS
|2 bicssc
|
| 072 |
|
7 |
|a KJSM
|2 bicssc
|
| 072 |
|
7 |
|a BUS043000
|2 bisacsh
|
| 082 |
0 |
4 |
|a 658.8
|2 23
|
| 100 |
1 |
|
|a Burmann, Christoph.
|e author.
|
| 245 |
1 |
0 |
|a Identity-Based Brand Management
|h [electronic resource] :
|b Fundamentals—Strategy—Implementation—Controlling /
|c by Christoph Burmann, Nicola-Maria Riley, Tilo Halaszovich, Michael Schade.
|
| 264 |
|
1 |
|a Wiesbaden :
|b Springer Fachmedien Wiesbaden :
|b Imprint: Springer Gabler,
|c 2017.
|
| 300 |
|
|
|a X, 316 p. 133 illus., 23 illus. in color.
|b online resource.
|
| 336 |
|
|
|a text
|b txt
|2 rdacontent
|
| 337 |
|
|
|a computer
|b c
|2 rdamedia
|
| 338 |
|
|
|a online resource
|b cr
|2 rdacarrier
|
| 347 |
|
|
|a text file
|b PDF
|2 rda
|
| 505 |
0 |
|
|a The foundation of identity-based brand management -- The concept of identity-based brand management -- Strategic brand management -- Operational brand management -- Identity-based brand controlling -- Identity-based trademark protection -- International identity-based brand management.
|
| 520 |
|
|
|a This textbook provides a theoretically based and comprehensive overview of the identity-based brand management. The focus is on the design of brand identity as the internal side of a brand and the resulting external brand image amongst buyers and other external audiences. The authors show that the concept of identity-based brand management has proven to be the most efficient management model to make brands a success. Numerous illustrative practicable examples demonstrate its applicability. The content - Foundation of identity-based brand management - The concept of identity-based brand management - Strategic brand management - Operational brand management - Identity-based brand controlling - Identity-based trademark protection - International identity-based brand management The authors Prof. Dr. Christoph Burmann is the holder of the Chair of Innovative Brand Management (LiM) at the University of Bremen/Germany. Dr. Nicola Riley is post-doc at the Chair of Innovative Brand Management (LiM) at the University of Bremen/Germany. Dr. Tilo Halaszovich is post-doc at the Chair of International Management and Governance (IMG) at the University of Bremen/Germany. Dr. Michael Schade is post-doc at the Chair of Innovative Brand Management (LiM) at the University of Bremen/Germany.
|
| 650 |
|
0 |
|a Business.
|
| 650 |
|
0 |
|a Marketing.
|
| 650 |
1 |
4 |
|a Business and Management.
|
| 650 |
2 |
4 |
|a Marketing.
|
| 700 |
1 |
|
|a Riley, Nicola-Maria.
|e author.
|
| 700 |
1 |
|
|a Halaszovich, Tilo.
|e author.
|
| 700 |
1 |
|
|a Schade, Michael.
|e author.
|
| 710 |
2 |
|
|a SpringerLink (Online service)
|
| 773 |
0 |
|
|t Springer eBooks
|
| 776 |
0 |
8 |
|i Printed edition:
|z 9783658135607
|
| 856 |
4 |
0 |
|u http://dx.doi.org/10.1007/978-3-658-13561-4
|z Full Text via HEAL-Link
|
| 912 |
|
|
|a ZDB-2-BUM
|
| 950 |
|
|
|a Business and Management (Springer-41169)
|